| 000 | 00878cam a22002417a 4500 | ||
|---|---|---|---|
| 003 | MX-MxUPN | ||
| 005 | 20231023123225.0 | ||
| 008 | 230912s1990 mx| |||fr|||| 000 0 spa d | ||
| 020 | _a9681635582 | ||
| 040 |
_aMX-MxUPN _bspa |
||
| 050 | 4 |
_aDD232 _bS38 1990 |
|
| 100 | 1 |
_950390 _aSchultz D., A. M. _d1959- _q(Abie Mario Schultz Dantus), |
|
| 245 | 1 | 0 |
_aHacia la reunificación : _bla cuestión alemana en la década de los ochenta |
| 250 | _aPrimera edición | ||
| 260 |
_aMéxico, D.F. : _bFondo de Cultura Económica, _c1990 |
||
| 300 | _a442 páginas | ||
| 490 | 0 |
_aColección popular ; _v462 |
|
| 651 | 4 |
_950392 _aAlemania _vHistoria _ySiglo XX |
|
| 651 | 4 |
_91798 _aAlemania (Republica Democrática, 1949-1990) _xHistoria |
|
| 651 | 4 |
_950391 _aAlemania (Republica Federal, 1949-1990) _xHistoria |
|
| 902 |
_aGCH120923 _bVíctorGodínez/231023 |
||
| 942 |
_2lcc _cLIBRO |
||
| 999 |
_c210286 _d210286 |
||